|
|
|
|
| LEADER |
00000nam0a2200000 4500 |
| 001 |
321074 |
| 005 |
20231102003335.0 |
| 035 |
|
|
|a (RuTPU)RU\TPU\book\346605
|
| 090 |
|
|
|a 321074
|
| 100 |
|
|
|a 20160812d1967 km y0rusy50 ca
|
| 101 |
0 |
|
|a rus
|
| 102 |
|
|
|a RU
|
| 105 |
|
|
|a a j 001zy
|
| 200 |
1 |
|
|a Физические основы представлений о химических связях разного типа и элементы современной теории химического строения
|f Н. В. Сапожникова
|g Уральский политехнический институт им. С. М. Кирова
|
| 210 |
|
|
|a Свердловск
|c Изд-во УПИ
|d 1967
|
| 215 |
|
|
|a 70 с.
|c ил.
|
| 320 |
|
|
|a Библиогр.: с. 68
|
| 606 |
1 |
|
|a Химическая связь
|2 stltpush
|3 (RuTPU)RU\TPU\subj\70611
|9 84817
|
| 610 |
1 |
|
|a атомы
|
| 610 |
1 |
|
|a строение
|
| 610 |
1 |
|
|a физические основы
|
| 610 |
1 |
|
|a двухцентровые двухэлектронные связи
|
| 610 |
1 |
|
|a химические элементы
|
| 610 |
1 |
|
|a валентные состояния
|
| 610 |
1 |
|
|a молекулы
|
| 610 |
1 |
|
|a молекулярная спектроскопия
|
| 610 |
1 |
|
|a библиотека А. Г. Стромберга
|
| 675 |
|
|
|a 544.14
|v 4
|
| 700 |
|
1 |
|a Сапожникова
|b Н. В.
|
| 712 |
0 |
2 |
|a Уральский политехнический институт им. С. М. Кирова
|c (Свердловск)
|c (1948-1992)
|2 stltpush
|3 (RuTPU)RU\TPU\col\1982
|9 23638
|
| 801 |
|
1 |
|a RU
|b 63413507
|c 20160812
|
| 801 |
|
2 |
|a RU
|b 63413507
|c 20171108
|g RCR
|
| 942 |
|
|
|c BK
|